[Event "36. Abierto Ciudad de Sevilla"]
[Site "Sevilla ESP"]
[Date "2011.01.09"]
[Round "3.1"]
[White "Corrales Jimenez, Fidel"]
[Black "Lanzani, Mario"]
[Result "0-1"]
[WhiteElo "2591"]
[BlackElo "2359"]
[PlyCount "94"]
[EventDate "2011.01.07"]
[EventType "swiss"]
[EventRounds "9"]
[EventCountry "ESP"]
[Source "lmi"]
[SourceDate "2011.01.07"]

1. e4 e5 2. Nf3 Nc6 3. Bb5 Nf6 4. d4 Nxe4 5. d5 Nd6 6. Nc3 Nxb5 7. Nxb5 a6 8.
Nc3 Ne7 9. Nxe5 d6 10. Nf3 Bg4 11. h3 Bxf3 12. Qxf3 Ng6 13. h4 Qe7+ 14. Be3
Nxh4 15. Qg4 Ng6 16. O-O-O Qd7 17. Qd4 f5 18. Rh5 Ne5 19. Bf4 Be7 20. Rdh1 h6
21. Qe3 Ng4 22. Qd2 Bf6 23. R5h3 O-O 24. Nd1 Rae8 25. f3 Ne5 26. Rh5 Qa4 27.
Nc3 Qd7 28. b3 Ng6 29. Be3 Qe7 30. Nd1 Qe5 31. c3 c6 32. dxc6 bxc6 33. g4 Qa5
34. g5 hxg5 35. Bxg5 Qd5 36. Qg2 Qd3 37. Be3 f4 38. Qd2 Rxe3 39. Nxe3 Qxe3 40.
Kc2 Re8 41. R5h3 Qxd2+ 42. Kxd2 Re3 43. c4 Ne5 44. Kc1 Re2 45. R1h2 Rxh2 46.
Rxh2 Nxf3 47. Rh5 g5 0-1

[Event "36. Abierto Ciudad de Sevilla"]
[Site "Sevilla ESP"]
[Date "2011.01.09"]
[Round "3.3"]
[White "Spraggett, Kevin"]
[Black "Sgnaolin, Davide"]
[Result "1-0"]
[WhiteElo "2575"]
[BlackElo "2290"]
[PlyCount "71"]
[EventDate "2011.01.07"]
[EventType "swiss"]
[EventRounds "9"]
[EventCountry "ESP"]
[Source "lmi"]
[SourceDate "2011.01.07"]

1. d4 d5 2. c4 e6 3. Nf3 c5 4. cxd5 exd5 5. g3 Nc6 6. Bg2 Nf6 7. O-O Be7 8. Nc3
O-O 9. Bf4 c4 10. Ne5 Be6 11. Nxc4 dxc4 12. d5 Nxd5 13. Nxd5 Bxd5 14. Bxd5 Bf6
15. Bxc4 Bxb2 16. Qxd8 Raxd8 17. Rab1 Be5 18. Bg5 Rd7 19. Rfd1 Rc7 20. Bd5 h6
21. Be3 b6 22. f4 Bf6 23. Bf2 Rd8 24. e4 Rcd7 25. Kf1 Ne7 26. Bb3 Rxd1+ 27.
Rxd1 Rxd1+ 28. Bxd1 Bb2 29. Ke2 Kf8 30. Kd3 Ke8 31. Bh5 g6 32. Bd1 Kd7 33. h4
f6 34. Be3 Kd6 35. g4 Nc6 36. Kc4 1-0

[Event "36. Abierto Ciudad de Sevilla"]
[Site "Sevilla ESP"]
[Date "2011.01.09"]
[Round "3.4"]
[White "Kovacevic, Slobodan"]
[Black "Mirzoev, Azer"]
[Result "1-0"]
[WhiteElo "2330"]
[BlackElo "2563"]
[PlyCount "107"]
[EventDate "2011.01.07"]
[EventType "swiss"]
[EventRounds "9"]
[EventCountry "ESP"]
[Source "lmi"]
[SourceDate "2011.01.07"]

1. d4 d5 2. Bf4 c5 3. e3 Nc6 4. c3 Nf6 5. Nd2 Bf5 6. Qb3 Qc8 7. dxc5 e6 8. Bd6
Bxd6 9. cxd6 O-O 10. Ngf3 Rd8 11. Nd4 Bg6 12. N2f3 Ne4 13. Be2 Nxd6 14. O-O Na5
15. Qd1 Nac4 16. b3 Nb6 17. Rc1 Qc5 18. Ne5 Ne4 19. Bd3 Nf6 20. Bxg6 hxg6 21.
Nxg6 fxg6 22. Nxe6 Qe7 23. Nxd8 Rxd8 24. Qd4 Ne4 25. Rc2 Nd6 26. Rd1 Nf5 27.
Qg4 Rd6 28. h3 Kh7 29. Qb4 Qc7 30. Qf4 Qc6 31. Rd3 Re6 32. Rcd2 Re4 33. Qg5 a5
34. g4 Nh6 35. c4 Qc5 36. Rd4 Re8 37. Kg2 Nf7 38. Qf4 Ne5 39. cxd5 Nbd7 40. g5
Rf8 41. Qh4+ Kg8 42. f4 Qc1 43. Qg3 Nf7 44. Qg4 Nc5 45. Qd1 Qa3 46. d6 Nd7 47.
Qc2 b5 48. Qxg6 Qc1 49. Qe6 Nc5 50. Qd5 Kh7 51. d7 Nd8 52. f5 g6 53. Rh4+ Kg7
54. f6+ 1-0

[Event "36. Abierto Ciudad de Sevilla"]
[Site "Sevilla ESP"]
[Date "2011.01.09"]
[Round "3.5"]
[White "Lemos, Damian"]
[Black "Garcia Jimenez, Francisco Javier"]
[Result "1-0"]
[WhiteElo "2553"]
[BlackElo "2274"]
[PlyCount "59"]
[EventDate "2011.01.07"]
[EventType "swiss"]
[EventRounds "9"]
[EventCountry "ESP"]
[Source "lmi"]
[SourceDate "2011.01.07"]

1. d4 d5 2. Nf3 Nf6 3. c4 c6 4. Nc3 a6 5. a4 e6 6. Bf4 a5 7. e3 Na6 8. Be2 Be7
9. O-O O-O 10. h3 Nb4 11. Qb1 Nh5 12. Bh2 f5 13. Na2 Nxa2 14. Qxa2 Nf6 15. Qb3
Kh8 16. Ne5 Qe8 17. Qc2 Nd7 18. Nd3 g5 19. f3 Qg6 20. Kh1 dxc4 21. Qxc4 Nb6 22.
Qb3 Nd5 23. e4 Nf6 24. Ne5 Qg8 25. Nc4 Nd7 26. Nd6 Bxd6 27. Bxd6 Rf6 28. exf5
exf5 29. Bc4 Qd8 30. Qa3 1-0

[Event "36. Abierto Ciudad de Sevilla"]
[Site "Sevilla ESP"]
[Date "2011.01.09"]
[Round "3.6"]
[White "Burgos Figueroa, Carlos Ernesto"]
[Black "Matamoros Franco, Carlos S"]
[Result "0-1"]
[WhiteElo "2280"]
[BlackElo "2545"]
[PlyCount "64"]
[EventDate "2011.01.07"]
[EventType "swiss"]
[EventRounds "9"]
[EventCountry "ESP"]
[Source "lmi"]
[SourceDate "2011.01.07"]

1. e4 c6 2. d4 d5 3. exd5 cxd5 4. Bd3 Nc6 5. c3 Qc7 6. Ne2 Bg4 7. f3 Bd7 8. Qb3
e5 9. Qxd5 Nf6 10. Qc4 b5 11. Qb3 exd4 12. O-O Bc5 13. Kh1 O-O 14. Bg5 Qe5 15.
f4 Qd6 16. Bxf6 gxf6 17. Rf3 Rae8 18. Nd2 f5 19. Ng3 dxc3 20. bxc3 Ne7 21. Nh5
Bc6 22. Rg3+ Kh8 23. Rd1 Nd5 24. Ng7 Ne3 25. Nxe8 Qxd3 26. Nf6 Qe2 27. Rg1 Nxg2
28. Nde4 Bxe4 29. Nxe4 Qxe4 30. R1xg2 Qe1+ 31. Rg1 Bxg1 32. Rxg1 Qe4+ 0-1

[Event "36. Abierto Ciudad de Sevilla"]
[Site "Sevilla ESP"]
[Date "2011.01.09"]
[Round "3.7"]
[White "Dizdar, Goran"]
[Black "Codenotti, Marco"]
[Result "1-0"]
[WhiteElo "2544"]
[BlackElo "2264"]
[PlyCount "85"]
[EventDate "2011.01.07"]
[EventType "swiss"]
[EventRounds "9"]
[EventCountry "ESP"]
[Source "lmi"]
[SourceDate "2011.01.07"]

1. Nf3 Nf6 2. g3 g6 3. b3 c5 4. c4 Bg7 5. Bb2 b6 6. Bg2 Bb7 7. O-O O-O 8. d4
cxd4 9. Qxd4 d5 10. cxd5 Qxd5 11. Qh4 Qh5 12. Qxh5 Nxh5 13. Bxg7 Kxg7 14. Rc1
Na6 15. Ne5 Bxg2 16. Kxg2 Rac8 17. Nd2 Nb4 18. Ndc4 Rfd8 19. a3 Nc6 20. Nxb6
axb6 21. Rxc6 Rxc6 22. Nxc6 Rd2 23. Nxe7 Rb2 24. b4 Rxe2 25. Nd5 Re6 26. a4 Rd6
27. Nc7 Rc6 28. Nb5 Nf6 29. a5 bxa5 30. bxa5 Nd5 31. a6 Nb6 32. a7 Na8 33. Kf3
Kf6 34. Ke3 Rc5 35. Nd6 Ke7 36. Ne4 Rd5 37. Ra6 h5 38. h4 Rd7 39. f3 Rd5 40.
Nc3 Rd7 41. Ke4 Rd2 42. Nd5+ Ke8 43. Rc6 1-0

[Event "36. Abierto Ciudad de Sevilla"]
[Site "Sevilla ESP"]
[Date "2011.01.09"]
[Round "3.8"]
[White "Ladron de Guevara PInto, Paolo"]
[Black "Rizouk, Aimen"]
[Result "0-1"]
[WhiteElo "2267"]
[BlackElo "2539"]
[PlyCount "68"]
[EventDate "2011.01.07"]
[EventType "swiss"]
[EventRounds "9"]
[EventCountry "ESP"]
[Source "lmi"]
[SourceDate "2011.01.07"]

1. e4 e5 2. Nf3 Nc6 3. Bb5 a6 4. Ba4 Nf6 5. O-O Be7 6. Re1 b5 7. Bb3 O-O 8. d4
d6 9. c3 Bg4 10. Be3 exd4 11. cxd4 d5 12. e5 Ne4 13. Nc3 Nxc3 14. bxc3 Qd7 15.
h3 Bh5 16. g4 Bg6 17. Nd2 f5 18. f4 Na5 19. Bc2 b4 20. cxb4 Bxb4 21. Rf1 c5 22.
dxc5 Kh8 23. Nb3 Nxb3 24. Bxb3 fxg4 25. hxg4 Be4 26. a3 Qe7 27. axb4 Qh4 28.
Rf3 Qxg4+ 29. Kf2 d4 30. Bc2 Qh4+ 31. Ke2 Bxf3+ 32. Kxf3 Qh3+ 33. Ke4 Qxe3+ 34.
Kd5 d3 0-1

[Event "36. Abierto Ciudad de Sevilla"]
[Site "Sevilla ESP"]
[Date "2011.01.09"]
[Round "3.10"]
[White "Prados Montano, Antonio"]
[Black "Haslinger, Stewart G"]
[Result "0-1"]
[WhiteElo "2244"]
[BlackElo "2536"]
[PlyCount "100"]
[EventDate "2011.01.07"]
[EventType "swiss"]
[EventRounds "9"]
[EventCountry "ESP"]
[Source "lmi"]
[SourceDate "2011.01.07"]

1. d4 d5 2. Nf3 Nf6 3. Bf4 c5 4. c3 cxd4 5. cxd4 Nc6 6. Nc3 a6 7. e3 Bg4 8. h3
Bxf3 9. Qxf3 e6 10. Be2 Bd6 11. O-O h6 12. Qg3 Bxf4 13. Qxf4 O-O 14. Rfc1 Rc8
15. Na4 Ne4 16. Nc5 Nxc5 17. Rxc5 Qb6 18. b3 e5 19. Qg3 exd4 20. Rxd5 Rce8 21.
Bf1 dxe3 22. fxe3 Qxe3+ 23. Qxe3 Rxe3 24. Rad1 Rfe8 25. Rd6 R3e6 26. Rd7 R6e7
27. R7d6 Re6 28. Rd7 R8e7 29. R7d5 g6 30. R1d2 Re1 31. Kf2 R1e5 32. Be2 Rxd5
33. Rxd5 Kf8 34. Bf3 Ke8 35. Rc5 Re6 36. g3 Ke7 37. h4 Kd6 38. Rd5+ Kc7 39. a3
Rd6 40. Rc5 Rd3 41. Bxc6 bxc6 42. Ra5 Kb6 43. b4 Rd5 44. Ra4 Rf5+ 45. Ke2 g5
46. hxg5 hxg5 47. Ke3 g4 48. b5 Rf3+ 49. Kd2 axb5 50. Rxg4 Rxa3 0-1

[Event "36. Abierto Ciudad de Sevilla"]
[Site "Sevilla ESP"]
[Date "2011.01.09"]
[Round "3.11"]
[White "Sengupta, Deep"]
[Black "Barrantes Munoz, Hugo Pedro"]
[Result "1-0"]
[WhiteElo "2530"]
[BlackElo "2216"]
[PlyCount "46"]
[EventDate "2011.01.07"]
[EventType "swiss"]
[EventRounds "9"]
[EventCountry "ESP"]
[Source "lmi"]
[SourceDate "2011.01.07"]

1. e4 e5 2. Nf3 Nc6 3. Bb5 a6 4. Ba4 Nf6 5. O-O Be7 6. Re1 b5 7. Bb3 d6 8. c3
O-O 9. d4 Bg4 10. Be3 exd4 11. cxd4 Na5 12. Bc2 Nc4 13. Bc1 c5 14. b3 Nb6 15.
Nbd2 cxd4 16. h3 Bh5 17. Bb2 Nfd7 18. Qb1 Bf6 19. Nxd4 Rc8 20. f4 Qc7 21. Bd3
Nd5 22. exd5 Qb6 23. Bxh7+ Kh8 1-0

[Event "36. Abierto Ciudad de Sevilla"]
[Site "Sevilla ESP"]
[Date "2011.01.09"]
[Round "3.12"]
[White "Medina Carrasco, Santiago"]
[Black "Teske, Henrik"]
[Result "0-1"]
[WhiteElo "2210"]
[BlackElo "2520"]
[PlyCount "72"]
[EventDate "2011.01.07"]
[EventType "swiss"]
[EventRounds "9"]
[EventCountry "ESP"]
[Source "lmi"]
[SourceDate "2011.01.07"]

1. d4 Nf6 2. g3 d5 3. Bg2 c5 4. c3 cxd4 5. cxd4 Bf5 6. Nf3 Nc6 7. O-O e6 8. Nc3
Be7 9. Qb3 a6 10. Bf4 Na5 11. Qd1 O-O 12. Ne5 Rc8 13. Rc1 b5 14. a3 Qb6 15. g4
Bxg4 16. Nxg4 Nxg4 17. e4 Nf6 18. e5 Nd7 19. Qg4 f5 20. Qg3 Kh8 21. Kh1 Qd8 22.
Rg1 Bh4 23. Qf3 g5 24. Bg3 g4 25. Qe2 Bg5 26. f4 gxf3 27. Bxf3 Bxc1 28. Rxc1 f4
29. Bf2 Nc4 30. Rg1 Rg8 31. Rxg8+ Qxg8 32. Bh4 Ne3 33. Qf2 Qg6 34. Qg1 Qf5 35.
Qg5 Qh3 36. Bg2 Nxg2 0-1

[Event "36. Abierto Ciudad de Sevilla"]
[Site "Sevilla ESP"]
[Date "2011.01.09"]
[Round "3.13"]
[White "Urbina Perez, Juan Antonio"]
[Black "Paunovic, Dragan"]
[Result "0-1"]
[WhiteElo "2189"]
[BlackElo "2509"]
[PlyCount "70"]
[EventDate "2011.01.07"]
[EventType "swiss"]
[EventRounds "9"]
[EventCountry "ESP"]
[Source "lmi"]
[SourceDate "2011.01.07"]

1. e4 c5 2. Nf3 e6 3. d4 cxd4 4. Nxd4 a6 5. Bd3 d6 6. Nc3 Nf6 7. Be3 Be7 8. O-O
Nbd7 9. f4 Qc7 10. Qf3 b5 11. a3 Bb7 12. Qg3 O-O 13. Rae1 Rac8 14. Kh1 Nc5 15.
Bd2 Nxd3 16. cxd3 Rfd8 17. Nf3 d5 18. e5 Nh5 19. Qh3 g6 20. d4 Qb6 21. g4 Ng7
22. Rg1 f5 23. exf6 Bxf6 24. Be3 b4 25. Na4 Qb5 26. Nc5 Rxc5 27. dxc5 d4 28.
Bc1 d3 29. Bd2 bxa3 30. bxa3 Qxc5 31. Rgf1 Qxa3 32. Kg1 Qc5+ 33. Be3 Qd5 34.
Nd2 Qh1+ 35. Kf2 Bh4+ 0-1

[Event "36. Abierto Ciudad de Sevilla"]
[Site "Sevilla ESP"]
[Date "2011.01.09"]
[Round "3.15"]
[White "Perez Garcia, Roberto"]
[Black "Starostits, Ilmars"]
[Result "0-1"]
[WhiteElo "2158"]
[BlackElo "2494"]
[PlyCount "64"]
[EventDate "2011.01.07"]
[EventType "swiss"]
[EventRounds "9"]
[EventCountry "ESP"]
[Source "lmi"]
[SourceDate "2011.01.07"]

1. e4 c5 2. Nf3 d6 3. d4 cxd4 4. Nxd4 Nf6 5. Nc3 g6 6. Be3 Bg7 7. f3 Nc6 8. Qd2
h5 9. Bc4 Bd7 10. O-O-O Na5 11. Be2 a6 12. Kb1 b5 13. Nd5 Nc4 14. Bxc4 bxc4 15.
Bg5 Nxd5 16. exd5 O-O 17. c3 Rb8 18. Rhe1 Re8 19. Nc6 Bxc6 20. dxc6 Qc7 21. g4
hxg4 22. fxg4 Rb5 23. Rc1 e6 24. Rc2 Qxc6 25. h4 Reb8 26. Be7 Rd5 27. Qf2 Qb6
28. Rf1 Qxf2 29. Rcxf2 Rb7 30. Rxf7 Rd2 31. Rf8+ Bxf8 32. Rxf8+ Kg7 0-1

[Event "36. Abierto Ciudad de Sevilla"]
[Site "Sevilla ESP"]
[Date "2011.01.09"]
[Round "3.16"]
[White "Khamrakulov, Ibragim S"]
[Black "Barrenechea Bahamonde, Gustavo"]
[Result "1-0"]
[WhiteElo "2494"]
[BlackElo "2215"]
[PlyCount "57"]
[EventDate "2011.01.07"]
[EventType "swiss"]
[EventRounds "9"]
[EventCountry "ESP"]
[Source "lmi"]
[SourceDate "2011.01.07"]

1. e4 c5 2. Nf3 Nc6 3. c3 Nf6 4. e5 Nd5 5. Bc4 Nb6 6. Bb3 g6 7. d4 cxd4 8. cxd4
Bg7 9. O-O O-O 10. Bf4 d6 11. exd6 Bg4 12. d5 Nd4 13. dxe7 Qxe7 14. Nc3 Qf6 15.
Qxd4 Qxd4 16. Nxd4 Bxd4 17. h3 Bf5 18. Rad1 Bg7 19. d6 Rac8 20. Rfe1 Bd7 21.
Re7 Bf6 22. Ne4 Bxb2 23. Be3 Bc6 24. Bxb6 axb6 25. d7 Rcd8 26. Ng5 Bf6 27. Nxf7
Bxe7 28. Nxd8+ Kh8 29. Nf7+ 1-0

[Event "36. Abierto Ciudad de Sevilla"]
[Site "Sevilla ESP"]
[Date "2011.01.09"]
[Round "3.20"]
[White "Das, Arghyadip"]
[Black "Gomez Rebollo, Alfonso Carlos"]
[Result "1-0"]
[WhiteElo "2479"]
[BlackElo "2176"]
[PlyCount "85"]
[EventDate "2011.01.07"]
[EventType "swiss"]
[EventRounds "9"]
[EventCountry "ESP"]
[Source "lmi"]
[SourceDate "2011.01.07"]

1. e4 c5 2. Ne2 d6 3. d4 cxd4 4. Nxd4 Nf6 5. f3 e5 6. Nb3 Be6 7. c4 a5 8. Be3
Nc6 9. Nc3 Be7 10. Nd5 Bxd5 11. cxd5 Nb4 12. Bb5+ Nd7 13. a3 Na6 14. Bxd7+ Qxd7
15. Nxa5 Qb5 16. b4 Bd8 17. Nb3 O-O 18. Qe2 Qa4 19. Qc2 Bh4+ 20. g3 Rfc8 21.
Qb2 Qb5 22. Kf2 Qd3 23. Rac1 Bd8 24. Rhd1 Qb5 25. Rxc8 Rxc8 26. Rc1 Ra8 27. Rc3
g6 28. Nd2 f5 29. Qc2 f4 30. gxf4 Qd7 31. Kg2 exf4 32. Bxf4 Bf6 33. Rc4 g5 34.
Bg3 Re8 35. Nf1 Kh8 36. Ne3 h5 37. Nf5 h4 38. Bxd6 h3+ 39. Kxh3 Rg8 40. e5 Bd8
41. e6 Qh7+ 42. Kg2 Bf6 43. Ne7 1-0

[Event "36. Abierto Ciudad de Sevilla"]
[Site "Sevilla ESP"]
[Date "2011.01.10"]
[Round "4.5"]
[White "Teran Alvarez, Ismael"]
[Black "Dizdar, Goran"]
[Result "1-0"]
[WhiteElo "2432"]
[BlackElo "2544"]
[PlyCount "37"]
[EventDate "2011.01.07"]
[EventType "swiss"]
[EventRounds "9"]
[EventCountry "ESP"]
[Source "lmi"]
[SourceDate "2011.01.07"]

1. e4 e6 2. d4 d5 3. Nc3 Nf6 4. e5 Nfd7 5. f4 c5 6. Nf3 Nc6 7. Be3 Be7 8. Qd2
O-O 9. Be2 a6 10. O-O b5 11. a3 Qb6 12. Nd1 f6 13. c3 fxe5 14. fxe5 Na5 15. Qc2
Nc4 16. Bd3 h6 17. Bxh6 gxh6 18. Bh7+ Kh8 19. Qg6 1-0

[Event "36. Abierto Ciudad de Sevilla"]
[Site "Sevilla ESP"]
[Date "2011.01.10"]
[Round "4.6"]
[White "Rizouk, Aimen"]
[Black "Das, Arghyadip"]
[Result "1/2-1/2"]
[WhiteElo "2539"]
[BlackElo "2479"]
[PlyCount "49"]
[EventDate "2011.01.07"]
[EventType "swiss"]
[EventRounds "9"]
[EventCountry "ESP"]
[Source "lmi"]
[SourceDate "2011.01.07"]

1. e4 c5 2. Nf3 d6 3. d4 cxd4 4. Nxd4 Nf6 5. Nc3 a6 6. Be2 e6 7. a4 Nc6 8. Be3
Be7 9. O-O O-O 10. f4 Qc7 11. Kh1 Bd7 12. Bd3 Nb4 13. a5 Rac8 14. Qe1 Ng4 15.
Bg1 e5 16. Nde2 Bc6 17. Bb6 Qb8 18. Nd5 Nxd5 19. exd5 Bxd5 20. Bf5 Be6 21. Nd4
exd4 22. Bxe6 fxe6 23. Qxe6+ Rf7 24. Qxg4 Rxc2 25. Bxd4 1/2-1/2

[Event "36. Abierto Ciudad de Sevilla"]
[Site "Sevilla ESP"]
[Date "2011.01.10"]
[Round "4.8"]
[White "Haslinger, Stewart G"]
[Black "Fernandez Romero, Ernesto"]
[Result "1/2-1/2"]
[WhiteElo "2536"]
[BlackElo "2453"]
[PlyCount "29"]
[EventDate "2011.01.07"]
[EventType "swiss"]
[EventRounds "9"]
[EventCountry "ESP"]
[Source "lmi"]
[SourceDate "2011.01.07"]

1. e4 e5 2. Nf3 Nc6 3. d4 exd4 4. Nxd4 Nf6 5. Nxc6 bxc6 6. e5 Qe7 7. Qe2 Nd5 8.
Nd2 g6 9. c4 Ba6 10. Nf3 Qb4+ 11. Kd1 Nb6 12. b3 Bg7 13. Qd2 Qxd2+ 14. Bxd2 O-O
15. Kc2 1/2-1/2

[Event "36. Abierto Ciudad de Sevilla"]
[Site "Sevilla ESP"]
[Date "2011.01.10"]
[Round "4.9"]
[White "Lanzani, Mario"]
[Black "Sengupta, Deep"]
[Result "1/2-1/2"]
[WhiteElo "2359"]
[BlackElo "2530"]
[PlyCount "96"]
[EventDate "2011.01.07"]
[EventType "swiss"]
[EventRounds "9"]
[EventCountry "ESP"]
[Source "lmi"]
[SourceDate "2011.01.07"]

1. e4 e6 2. d4 d5 3. Nd2 Nf6 4. e5 Nfd7 5. Bd3 c5 6. c3 Nc6 7. Ne2 cxd4 8. cxd4
f6 9. Nf4 fxe5 10. Nxe6 Qb6 11. O-O Nf6 12. dxe5 Nxe5 13. Bb5+ Kf7 14. Ng5+ Kg8
15. Be2 Bd6 16. Ngf3 Bf5 17. Nb3 Qc7 18. Nbd4 Nxf3+ 19. Bxf3 Be4 20. g3 Qf7 21.
Be3 Be5 22. Bg2 h6 23. f3 Bg6 24. f4 Bc7 25. f5 Bh5 26. Bf3 Bb6 27. Bxh5 Qxh5
28. Qxh5 Nxh5 29. Rad1 Kf7 30. Nc2 Rhc8 31. Bxb6 Rxc2 32. Bd4 Re8 33. Rf2 Ree2
34. Rxe2 Rxe2 35. Rc1 a6 36. Rc7+ Re7 37. Rxe7+ Kxe7 38. Kf2 Nf6 39. Kf3 Kf7
40. Kf4 Nd7 41. g4 Kf8 42. h4 Kf7 43. g5 hxg5+ 44. hxg5 g6 45. a4 b6 46. b4 b5
47. axb5 axb5 48. Bc3 Nb8 1/2-1/2

[Event "36. Abierto Ciudad de Sevilla"]
[Site "Sevilla ESP"]
[Date "2011.01.10"]
[Round "4.10"]
[White "Teske, Henrik"]
[Black "Pogorelov, Ruslan"]
[Result "1-0"]
[WhiteElo "2530"]
[BlackElo "2427"]
[PlyCount "115"]
[EventDate "2011.01.07"]
[EventType "swiss"]
[EventRounds "9"]
[EventCountry "ESP"]
[Source "lmi"]
[SourceDate "2011.01.07"]

1. Nf3 Nf6 2. c4 e6 3. Nc3 Bb4 4. g3 O-O 5. Bg2 d5 6. Qb3 c5 7. a3 Ba5 8. O-O
Nc6 9. d3 Bxc3 10. Qxc3 d4 11. Qd2 a5 12. b3 e5 13. e4 dxe3 14. Qxe3 Nd4 15.
Nxd4 exd4 16. Qd2 Bf5 17. Re1 Qd7 18. Bb2 Ra7 19. Re5 b6 20. b4 axb4 21. axb4
Rxa1+ 22. Bxa1 Re8 23. Rxe8+ Qxe8 24. Bb2 h6 25. bxc5 bxc5 26. Ba3 Qe7 27. Bf1
Qa7 28. Bc1 Qa4 29. h3 Bg6 30. Qe2 Kh7 31. Bf4 Nd7 32. Bd6 f6 33. Bf4 Qb3 34.
g4 Ne5 35. Bxe5 fxe5 36. h4 Kh8 37. h5 Bh7 38. Qxe5 Bxd3 39. g5 Bh7 40. gxh6
Qb7 41. Qxc5 Qd7 42. Bh3 Qd8 43. Be6 Bc2 44. Qe5 Qf6 45. hxg7+ Qxg7+ 46. Qxg7+
Kxg7 47. c5 d3 48. Bf5 Kh6 49. c6 Ba4 50. c7 d2 51. Bg4 Bd7 52. Bd1 Bf5 53. f4
Kg7 54. Kf2 Kf6 55. Ke3 Ke7 56. Kxd2 Kd7 57. h6 Kxc7 58. Bc2 1-0

[Event "36. Abierto Ciudad de Sevilla"]
[Site "Sevilla ESP"]
[Date "2011.01.10"]
[Round "4.11"]
[White "Paunovic, Dragan"]
[Black "Kovacevic, Slobodan"]
[Result "0-1"]
[WhiteElo "2509"]
[BlackElo "2330"]
[PlyCount "90"]
[EventDate "2011.01.07"]
[EventType "swiss"]
[EventRounds "9"]
[EventCountry "ESP"]
[Source "lmi"]
[SourceDate "2011.01.07"]

1. e4 c5 2. Nf3 e6 3. d4 cxd4 4. Nxd4 a6 5. c4 Nf6 6. Nc3 Qc7 7. a3 b6 8. Be3
Bb7 9. f3 d6 10. Rc1 Be7 11. Be2 Nbd7 12. O-O O-O 13. b4 Rfe8 14. Qd2 Rac8 15.
Kh1 Qb8 16. Rfd1 Bd8 17. Nb3 Bc7 18. Bf4 Ne5 19. Bxe5 dxe5 20. c5 Red8 21. Qe3
Nd7 22. c6 Bxc6 23. Bxa6 Bb7 24. Bxb7 Qxb7 25. Nb5 Nf8 26. a4 Rxd1+ 27. Rxd1
Qa6 28. Ra1 h6 29. h3 Bd8 30. Nd6 Rc7 31. b5 Qa8 32. a5 bxa5 33. Rxa5 Qb8 34.
Ra6 Rd7 35. Qc5 Be7 36. Qc8 Bxd6 37. Qxb8 Bxb8 38. Nc5 Ra7 39. Rc6 Rc7 40. Na6
Rb7 41. Rc8 Ba7 42. Nc7 Rb8 43. Rxb8 Bxb8 44. b6 Nd7 45. Na6 Bd6 0-1

[Event "36. Abierto Ciudad de Sevilla"]
[Site "Sevilla ESP"]
[Date "2011.01.10"]
[Round "4.14"]
[White "Razmyslov, Alexander"]
[Black "Romero Sanchez, Jesus"]
[Result "1-0"]
[WhiteElo "2439"]
[BlackElo "2144"]
[PlyCount "88"]
[EventDate "2011.01.07"]
[EventType "swiss"]
[EventRounds "9"]
[EventCountry "ESP"]
[Source "lmi"]
[SourceDate "2011.01.07"]

1. Nf3 Nf6 2. c4 e6 3. g3 b6 4. Bg2 Bb7 5. O-O Be7 6. d4 O-O 7. d5 exd5 8. Nh4
c6 9. cxd5 Nxd5 10. Nf5 Nc7 11. e4 d5 12. Nc3 Bf6 13. exd5 cxd5 14. Bf4 Nba6
15. Rc1 Bc8 16. Nd4 Bb7 17. Nf5 Bc8 18. g4 Be6 19. b4 Qd7 20. a3 Rad8 21. h3
Bxf5 22. gxf5 Qxf5 23. Qg4 Qxg4 24. hxg4 Ne6 25. Bg3 Bxc3 26. Rxc3 d4 27. Rc4
Nb8 28. f4 d3 29. Rd1 Nd4 30. Kf2 Nc2 31. Rc3 Rfe8 32. Bf3 h6 33. f5 h5 34.
gxh5 Ne3 35. Rdxd3 Rxd3 36. Rxd3 Nxf5 37. Bf4 Rc8 38. Bg4 g6 39. Bxf5 gxf5 40.
Rg3+ Kh7 41. h6 Nc6 42. b5 Nd8 43. Rg7+ Kh8 44. Be5 Rc2+ 1-0

[Event "36. Abierto Ciudad de Sevilla"]
[Site "Sevilla ESP"]
[Date "2011.01.10"]
[Round "4.15"]
[White "Gavira Galocha, Antonio Jesus"]
[Black "Alonso Garcia, Rene Marcial"]
[Result "0-1"]
[WhiteElo "2030"]
[BlackElo "2403"]
[PlyCount "72"]
[EventDate "2011.01.07"]
[EventType "swiss"]
[EventRounds "9"]
[EventCountry "ESP"]
[Source "lmi"]
[SourceDate "2011.01.07"]

1. d4 e6 2. Nf3 Nf6 3. Bf4 c5 4. e3 Qb6 5. Qc1 Nc6 6. c3 Nh5 7. Bg3 d5 8. Nbd2
cxd4 9. exd4 Nxg3 10. hxg3 Be7 11. Bd3 h6 12. Rb1 Bd7 13. Qd1 Qc7 14. Qe2 Bf6
15. O-O O-O 16. Rfe1 Rab8 17. a4 a6 18. Nb3 Be7 19. Nbd2 Rfe8 20. Bc2 Bf6 21.
Qd3 g6 22. Nf1 b5 23. axb5 axb5 24. Ne3 Bg7 25. b4 Rec8 26. Rbc1 Ra8 27. Ra1
Ne7 28. Rxa8 Rxa8 29. Nd2 Rc8 30. Nd1 e5 31. Nb3 Bf5 32. Qd2 Bxc2 33. Qxc2 exd4
34. Nc5 Nc6 35. Qd3 dxc3 36. Qxb5 Nxb4 0-1

[Event "36. Abierto Ciudad de Sevilla"]
[Site "Sevilla ESP"]
[Date "2011.01.10"]
[Round "4.16"]
[White "Del Campo Gomez, Jose Luis"]
[Black "Piasetski, Leon"]
[Result "1/2-1/2"]
[WhiteElo "2141"]
[BlackElo "2303"]
[PlyCount "95"]
[EventDate "2011.01.07"]
[EventType "swiss"]
[EventRounds "9"]
[EventCountry "ESP"]
[Source "lmi"]
[SourceDate "2011.01.07"]

1. d4 c5 2. d5 e5 3. e4 d6 4. Nc3 Be7 5. Nf3 Bg4 6. Bb5+ Kf8 7. a4 Bxf3 8. Qxf3
a6 9. Bd3 Bg5 10. Be3 Nd7 11. O-O h6 12. Qh3 Bxe3 13. fxe3 Ngf6 14. Rf2 g6 15.
Raf1 Kg7 16. g4 Qe7 17. Qg2 Raf8 18. Ne2 Nh7 19. Rf3 Ndf6 20. b3 h5 21. g5 Nd7
22. Rg3 Rhg8 23. Kh1 Kh8 24. Rg1 f6 25. gxf6 Rxf6 26. Qh3 Qf7 27. Nc3 g5 28.
Be2 g4 29. Qh4 Rf2 30. h3 Ndf6 31. R3g2 Nxe4 32. Nxe4 Rxe2 33. Nxd6 Qf3 34. Qg3
Qxg3 35. Rxg3 Ng5 36. hxg4 h4 37. R3g2 Rxe3 38. Rf1 Rd8 39. Nf5 Rh3+ 40. Rh2
Rxh2+ 41. Kxh2 Rxd5 42. Nxh4 Rd2+ 43. Kg3 Rxc2 44. Ng6+ Kg7 45. Nxe5 Ne4+ 46.
Kf4 Nf6 47. Rd1 Rf2+ 48. Ke3 1/2-1/2

[Event "36. Abierto Ciudad de Sevilla"]
[Site "Sevilla ESP"]
[Date "2011.01.10"]
[Round "4.18"]
[White "Hurtado Rueda, Manuel"]
[Black "Corrales Jimenez, Fidel"]
[Result "0-1"]
[WhiteElo "2076"]
[BlackElo "2591"]
[PlyCount "102"]
[EventDate "2011.01.07"]
[EventType "swiss"]
[EventRounds "9"]
[EventCountry "ESP"]
[Source "lmi"]
[SourceDate "2011.01.07"]

1. Nf3 Nf6 2. b4 g6 3. Bb2 Bg7 4. c4 O-O 5. g3 d6 6. Bg2 c5 7. b5 a6 8. a4 axb5
9. axb5 Rxa1 10. Bxa1 Qa5 11. Bc3 Qa2 12. d3 d5 13. Nbd2 dxc4 14. Nxc4 Be6 15.
Ncd2 Bd7 16. b6 Qa6 17. Qb3 Be6 18. Nc4 Bxc4 19. dxc4 Ne4 20. Bxg7 Qa5+ 21. Bc3
Nxc3 22. O-O Nxe2+ 23. Kh1 Nc6 24. Qe3 Ned4 25. Ne5 Nf5 26. Nxc6 bxc6 27. Qe4
Qxb6 28. Rb1 Qa7 29. Qxc6 Qa2 30. Qe4 Qxf2 31. Rf1 Qd4 32. Qc2 e6 33. Rf4 Qe3
34. Qb2 Rd8 35. Rf1 Qd4 36. Qb7 Qxc4 37. Qc7 Rf8 38. Qe5 Qd4 39. Qe2 Ne3 40.
Rf4 Qa1+ 41. Bf1 Nxf1 42. Rxf1 Qc3 43. Rf3 Qd4 44. Qg2 c4 45. g4 Qd5 46. Qg3
Ra8 47. Kg1 Ra1+ 48. Kg2 e5 49. Kh3 Rd1 50. Re3 Qd8 51. g5 Qd7+ 0-1